000 00616nam a2200217Ia 4500
005 20250326144128.0
008 250326s9999 xx 000 0 und d
020 _a978-0-07-065901-8
037 _aTextbook
040 _aFMSL
_beng
_cFMSL
041 _aeng
_2eng
084 _aX:51 P7
_qFMSL
100 _aMarquard W H
_9749090
245 0 _aWalsmart : what it really takes to profit in a wal mart world
_cMarquard W H
260 _aNew Delhi
_bNew Delhi, Tata McGraw Hill
_c2007
300 _a272p
365 _b450
650 _aMarketing
942 _cTB
_hX:51 P7
999 _c1302471
_d1302471